|
|
|
|
| LEADER |
02105nam a2200445 i 4500 |
| 001 |
EBC1524479 |
| 003 |
MiAaPQ |
| 005 |
20200520144314.0 |
| 006 |
m o d | |
| 007 |
cr cnu|||||||| |
| 008 |
131101t20132013gw a ob 001 0 eng|d |
| 020 |
|
|
|z 9783050063706 (hd. bd.)
|
| 020 |
|
|
|z 305006370X (hd. bd.)
|
| 020 |
|
|
|a 9783050063713
|q (electronic bk.)
|
| 035 |
|
|
|a (MiAaPQ)EBC1524479
|
| 035 |
|
|
|a (Au-PeEL)EBL1524479
|
| 035 |
|
|
|a (CaPaEBR)ebr10819926
|
| 035 |
|
|
|a (CaONFJC)MIL551916
|
| 035 |
|
|
|a (OCoLC)865330493
|
| 040 |
|
|
|a MiAaPQ
|b eng
|e rda
|e pn
|c MiAaPQ
|d MiAaPQ
|
| 043 |
|
|
|a e-gx---
|
| 050 |
|
4 |
|a HD8039.M61
|b P785 2013
|
| 100 |
1 |
|
|a Jopp, Tobias Alexander.
|
| 245 |
1 |
0 |
|a Insurance, fund size, and concentration :
|b Prussian miners' Knappschaften in the nineteenth-- and early twentieth-centuries and their quest for optimal scale /
|c Tobias Alexander Jopp.
|
| 264 |
|
4 |
|c 2013
|
| 264 |
|
1 |
|a Berlin :
|b Akademie Verlag,
|c [2013]
|
| 300 |
|
|
|a 1 online resource (273 pages) :
|b illustrations.
|
| 336 |
|
|
|a text
|2 rdacontent
|
| 337 |
|
|
|a computer
|2 rdamedia
|
| 338 |
|
|
|a online resource
|2 rdacarrier
|
| 440 |
|
0 |
|a Jahrbuch fur Wirtschaftsgeschichte.
|p Beiheft ;
|v 16
|
| 504 |
|
|
|a Includes bibliographical references and index.
|
| 588 |
|
|
|a Description based on print version record.
|
| 590 |
|
|
|a Electronic reproduction. Ann Arbor, MI : ProQuest, 2015. Available via World Wide Web. Access may be limited to ProQuest affiliated libraries.
|
| 650 |
|
0 |
|a Miners
|z Germany
|z Prussia
|x History
|y 19th century.
|
| 650 |
|
0 |
|a Miners
|z Germany
|z Prussia
|x History
|y 20th century.
|
| 655 |
|
4 |
|a Electronic books.
|
| 776 |
0 |
8 |
|i Print version:
|a Jopp, Tobias Alexander.
|t Insurance, fund size, and concentration : Prussian miners' Knappschaften in the nineteenth-- and early twentieth-centuries and their quest for optimal scale.
|d 2013
|h 273 pages ; 25 cm.
|k Jahrbuch fur Wirtschaftsgeschichte. Beiheft ; 16
|z 9783050063706
|w (GyWOH)har130347975
|w (DLC)17937253
|
| 797 |
2 |
|
|a ProQuest (Firm)
|
| 856 |
4 |
0 |
|u https://ebookcentral.proquest.com/lib/matrademy/detail.action?docID=1524479
|z Click to View
|